Clickable Potter Word Origins Quiz Stats

 Plays Quiz Updated Mar 27, 2016

Challenge
Share
Tweet
Embed
Score 0/20 Timer 05:00
10 Plays Today
% Correct
Fleur Delacour
87.8%
House elves
87.1%
Mundungus Fletcher
87.1%
Expecto Patronum
85.6%
Beauxbatons
84.2%
Red Caps
84%
Durmstrang
81%
Morsmordre
79.7%
Minerva McGonagall
79.4%
Newt Scamander
79.1%
% Correct
Densaugeo
77.8%
Cassandra Trelawney
75.5%
Albus Dumbledore
75.1%
Dolores Umbridge
72.2%
Poppy Pomfrey
71.5%
Rubeus Hagrid
61.3%
Veela
60.4%
Florean Fortescue
48.6%
Hedwig
36.2%
Mosag
34.6%

You're not logged in!

Compare scores with friends on all Sporcle quizzes.
Join for Free
OR
Log In

You Might Also Like...

Show Comments

Extras

Top Quizzes Today


Score Distribution

Your Account Isn't Verified!

In order to create a playlist on Sporcle, you need to verify the email address you used during registration. Go to your Sporcle Settings to finish the process.

Report this User

Report this user for behavior that violates our Community Guidelines.

Details: